000 00878nam a2200253 a 4500
999 _c12010
_d12010
001 12010
003 BD-JhCC
005 20210303131009.0
008 210303b20152019bg |||| ||a| 000 0 mul d
020 _a9789848980965
035 _a(BD-JhCC)12010
040 _aBD-JhCC
_dBD-JhCC
041 _amul
082 _a005.54
_bRAH 2019
100 _aরহমান, মাহবুবুর
245 _aমাইক্রোসফট অ্যাডভান্সড এক্সেল ২০১৩ /
_cমাহবুবুর রহমান
260 _aঢাকা :
_bসিসটেক পাবলিকেশন্স লিমিটেড;
_c২০১৯.
300 _a375 p. :
_bill
_c24 cm.
650 _aMicrosoft Excel (Computer file)
650 _aElectronic spreadsheets
650 _aBusiness--Computer programs
942 _2ddc
_cBK